L'appel du karaouan /

محفوظ في:

المؤلف الرئيسي: Husayn, Taha, 1889-1973 (مؤلف)

مؤلفون آخرون: Francis, Raymond (المترجم)

التنسيق: كتاب

اللغة: French
Arabic

منشور في: [Beirut] : Dar al-Maaref-Liban, [1963]

الموضوعات:

الوسوم: إضافة وسم

لا توجد وسوم, كن أول من يضع وسما على هذه التسجيلة!

رقم الطلب: PJ7864.A35 S24

LEADER 00906cam a2200289 i 4500
001 ocm02563528
003 OCoLC
005 20240222082935.0
008 761117s1963 le 000 1 fre
010 |a ne 64000022  
041 1 |a fre  |h ara 
043 |a f-ua--- 
050 4 |a PJ7864.A35  |b S24 
100 1 |a Husayn, Taha,  |d 1889-1973,  |e author. 
240 1 0 |a Dua al-karawan.  |l French 
245 1 2 |a L'appel du karaouan /  |c Taha Hussein ; traduction de Raymond Francis. 
246 3 1 |a Dua al-karawan. 
264 1 |a [Beirut] :  |b Dar al-Maaref-Liban,  |c [1963] 
300 |a 210 pages ;  |c 20 cm 
336 |a text  |b txt  |2 rdacontent 
337 |a unmediated  |b n  |2 rdamedia 
338 |a volume  |b nc  |2 rdacarrier 
530 |a Also issued online. 
650 0 |a Arabic fiction  |z Egypt  |x Translations into French. 
651 0 |a Egypt  |x Social conditions  |v Fiction. 
700 1 |a Francis, Raymond,  |e translator. 
999 |c 57064  |d 57064